| 000 | 00519nam a2200193Ia 4500 | ||
|---|---|---|---|
| 008 | 230125s9999 xx 000 0 und d | ||
| 020 | _a978-93-5024-959-8 | ||
| 041 | _aeng | ||
| 082 |
_a658 _bSAN/MAN |
||
| 100 |
_aSankaye B _9108816 |
||
| 245 | _aCurrent Trends in Management | ||
| 260 |
_c2011 _bHimalaya Publishing House _aPune |
||
| 300 | _a183p | ||
| 500 | _acurrent trends in management | ||
| 650 | _aManagement | ||
| 700 |
_aSankaye B & Managnale V S _9108817 |
||
| 906 | _b45 | ||
| 999 |
_c85567 _d85567 |
||